| 000 | 01929nam a2200373 i 4500 | ||
|---|---|---|---|
| 001 | 195532 | ||
| 003 | SpMaBN | ||
| 005 | 20250902053633.0 | ||
| 008 | 240619s1999 sp | ||| ||spa | ||
| 016 | 7 |
_abimoBNE19996032168 _2SpMaBN |
|
| 017 |
_aM 17191-1999 _bOficina Depósito Legal Madrid |
||
| 020 | _a8473561937 | ||
| 035 | _a(OCoLC)41572007 | ||
| 040 |
_aSpMaBN _bspa _cSpMaBN _erdc _dES-MaACL |
||
| 080 | _a65.012.45/.46 | ||
| 100 | 1 |
_aPulgar Rodríguez, Luis del _0XX1409295 _9237149 _eaut |
|
| 245 | 1 | 0 |
_aComunicación de empresa en entornos turbulentos : _bgestión de riesgos, reducción de las incertidumbres y supervivencia / _cLuis del Pulgar Rodríguez |
| 260 |
_aMadrid : _bESIC, _c1999. |
||
| 300 |
_a211 páginas ; _c24 cm |
||
| 336 |
_2rdacontent _atexto |
||
| 337 |
_2rdamedia _asin mediación |
||
| 338 |
_2rdacarrier _avolumen |
||
| 520 | _aEsta guía pretende servir de herramienta para el aprendizaje de uno de los programas más populares y veteranos en el tratamiento de la contabilidad que se llevan a cabo hoy en día en muchas empresas. ContaPlus Élite, en sus dos versiones 2005 y 2004. Con esta obra aprenderá paso a paso todos los procesos contables, ya que se desarrolla de una manera clara y estructurada, con multitud de imágenes de las pantallas e iconos que integran el programa y que facilitan su comprensión. | ||
| 650 | 7 |
_aComunicación empresarial _2embne _9168983 |
|
| 650 | 0 |
_aGestión del riesgo _2embne _9237150 |
|
| 852 |
_aES-MaACL _cDEPOJ _jN-10039 _hDonación: Helena de la Joya _xEncuadernación rústica _9206186 |
||
| 903 |
_aJoya, Helena de la _ednr |
||
| 942 |
_cMONOGRAFIA _n0 |
||
| 999 |
_c195532 _d195532 |
||